Przypnij Europę na mapie bez granic - nagła śmierć - Statystyki

Ogólne statystyki
  • Ten quiz został rozwiązany 5 112 razy
  • Średni wynik to 9 z 45
Odpowiedzi na mapie
Odpowiedzi zakodowano w zielono-czerwonej skali na mapie do tego quizu, zgodnie z poniższymi procentami.
 
Statystyki odpowiedzi
Państwo % Poprawnych
Polska
31%
Hiszpania
29%
Portugalia
27%
Wielka Brytania
27%
Włochy
27%
Dania
26%
Grecja
26%
Irlandia
26%
Niemcy
26%
Norwegia
25%
Szwecja
25%
Finlandia
24%
Francja
24%
Islandia
24%
Białoruś
23%
Rosja
23%
Ukraina
23%
Estonia
22%
Czechy
21%
Bułgaria
20%
Holandia
20%
Litwa
20%
Łotwa
20%
Malta
20%
Chorwacja
19%
Rumunia
19%
Słowacja
18%
Słowenia
17%
Szwajcaria
17%
Belgia
16%
Albania
15%
Austria
15%
Bośnia i Hercegowina
15%
Serbia
15%
Macedonia Północna
14%
Monako
14%
Watykan
14%
Węgry
14%
Andora
13%
Czarnogóra
12%
Mołdawia
12%
San Marino
12%
Kosowo
11%
Luksemburg
10%
Liechtenstein
9%
Nie znaleziono quizów pasujących do podanych kryteriów
Rozkład punktacji
Procent ludzi z każdym wynikiem
Percentyl według liczby udzielonych odpowiedzi
Twoja historia wyników
Nie rozwiązałeś tego quizu